Clinical chemistry / (رقم التسجيلة. 24215)

تفاصيل مارك
000 -الفاتح
حقل البيانات ثابتة الطول 00846cam a2200289 a 4500
001 - رقم الضبط
رقم الضبط 6865418
003 - محدد رقم الضبط
رقم الضبط OSt
005 - وقت وتاريخ اخر تعامل مع التسجيلة
رقم الضبط 20150408114046.0
008 - عناصر البيانات ثابتة الطول - معلومات عامة
حقل البيانات ثابتة الطول 120623s2008 stka | 001 0 eng
020 ## - الرقم الدولى المعيارى للكتب
الرقم الدولى المعيارى للكتاب 0723434557 (pbk.)
020 ## - الرقم الدولى المعيارى للكتب
الرقم الدولى المعيارى للكتاب 9780723434559 (pbk.)
040 ## - مصدر الفهرسة
وكالة النسخ MU
082 04 - رقم تصنيف ديوى العشرى
رقم التصنيف 616.0756 M W C
رقم الطبعة 22
100 1# - المدخل الرئيسى - إسم شخصى
الإسم الشخصى Marshall, William J.,
العنوان والكلمات الأخرى المصاحبة للاسم Ph. D.
9 (RLIN) 16099
245 10 - بيان العنوان
العنوان Clinical chemistry /
بيان المسئوليه,etc William J. Marshall, Stephen K. Bangert.
250 ## - بيان الطبعة
بيان الطبعة 6th ed.
260 ## - PUBLICATION, DISTRIBUTION, ETC. (IMPRINT)
مكان الناشر او الموزع Edinburgh ;
-- New York :
اسم الناشر او الموزع Mosby/Elsevier,
تاريخ النشر أو التوزيع 2008.
300 ## - الوصف المادى
التعداد 416 p. :
تفاصيل ماديه اخرى للوعاء col. ill. ;
أبعاد الوعاء 25 cm.
500 ## - تبصرة عامة
تبصرة عامة Includes student consult access.
500 ## - تبصرة عامة
تبصرة عامة Previous ed.: 2004.
500 ## - تبصرة عامة
تبصرة عامة Includes index.
650 #4 - المدخل الاضافى بالموضوع-مصطلح موضوعى
مصطلح موضوعي أو اسم جغرافي كعنصر مدخل Clinical chemistry.
650 #4 - المدخل الاضافى بالموضوع-مصطلح موضوعى
مصطلح موضوعي أو اسم جغرافي كعنصر مدخل Chemistry, Clinical.
9 (RLIN) 13867
700 1# - المدخل الاضافى - اسم شخصى
الإسم الشخصى Bangert, S. K.
9 (RLIN) 16100
942 ## - عناصر المدخل الإضافي( كوها)
مصدر التصنيف او مخطط الترفيف Dewey Decimal Classification
Koha [default] item type DVD
المقتنيات
حالة الفقد نموذج السعر الفعال حالة تلف ليس للاعارة رقم الطلب رقم النسخة تاريخ الاكتساب الموقع الحالي الباركود الفرع الرئيسي Date last seen نوع المادة فى نظام كوها مصدر التصنيف او خطة الترفيف Total Checkouts Date last checked out
  2013-03-10     616.0756 M W C c.1 2012-06-23 المكتبة المركزية بالمجمعة (CL) 00109755 المكتبة المركزية بالمجمعة (CL) 2013-03-10 كتاب Dewey Decimal Classification    
  2013-03-10     616.0756 M W C c.2 2012-06-23 المكتبة المركزية بالمجمعة (CL) 00109756 المكتبة المركزية بالمجمعة (CL) 2017-04-12 كتاب Dewey Decimal Classification 1 2012-12-10
  2013-03-10     616.0756 M W C c.3 2012-06-23 المكتبة المركزية بالمجمعة (CL) 00109757 المكتبة المركزية بالمجمعة (CL) 2013-03-10 كتاب Dewey Decimal Classification